مكتبة جامعة عجلون الوطنية

فهرس بحث المكتبة

Normal view MARC view
  • القصة العربية - تاريخ ونقد- العراق - روايات الاسرى - العراق - الحرب العراقية الايرانية في الادب 1980-1988

Entry Topical Term

Number of records used in: 1

001 - CONTROL NUMBER

  • control field: 24846

003 - CONTROL NUMBER IDENTIFIER

  • control field: JO-AjAnu

005 - DATE AND TIME OF LATEST TRANSACTION

  • control field: 20230606074244.0

008 - FIXED-LENGTH DATA ELEMENTS

  • fixed length control field: 230606|| aca||aabn | a|a d

040 ## - CATALOGING SOURCE

  • Original cataloging agency: JO-AjAnu
  • Transcribing agency: JO-AjAnu

150 ## - HEADING--TOPICAL TERM

  • Topical term or geographic name entry element: القصة العربية - تاريخ ونقد- العراق - روايات الاسرى - العراق - الحرب العراقية الايرانية في الادب 1980-1988

670 ## - SOURCE DATA FOUND

  • Source citation: Work cat.: (JO-AjAnu)12782: العبيدي، علي عزيز, author 24845, الرواية العربية في البيئية المغلقة: رواية الأسر العراقية أنموذجا: دراسة فنية